| 000 | 00573nam a2200157Ia 4500 | ||
|---|---|---|---|
| 008 | 210716s2018 xx 000 0 und d | ||
| 020 | _a9789352137435 | ||
| 041 | _aeng | ||
| 082 | _a005.1372 BENB | ||
| 100 | _aBengfort , Benjamin; Bilbro, Rebecca; Ojeda, Tony. | ||
| 245 |
_aApplied text analysis with python: enabling language aware data products with machine learning. _bEnabling language aware data products with machine learning. |
||
| 250 | _a2 | ||
| 260 |
_aNew Delhi _bShroff Publishers and Distributors Pvt Ltd _c2018 |
||
| 300 | _axviii,310 | ||
| 650 | _aNone | ||
| 999 |
_c196918 _d196918 |
||